00912nam a2200169 a 450000500170000000800410001705000240005805000240008205000240010605000240013005000240015424500180017825000110019626000530020730000300026052004520029020140414132104.0100823s19uu xx 00 eng d aFIL 352.13bAk5 v.1 aFIL 352.13bAk5 v.2 aFIL 352.13bAk5 v.3 aFIL 352.13bAk5 v.4 aFIL 352.13bAk5 v.5 aAklat adarna. a1st ed aQuezon City, Philippines :bAdarna House,c1987. a4 v. : col. ill. ; 23 cm. av. 1. Alamat ng lansones, si langgam at si tipaklong, si pagong at si matsing, ang hukuman ni sinukuan, ibong adarna -- v. 2. Kayo ba ang nanay ko?, bilog na itlog, tikatok at pikpakbum, ang pulang laso, kung dalawa kami -- v. 3. Si Makisig, si Tembong mandarambong, si hinlalaki, bayanihan, si Emang engkantada -- v. 4. Nang magkakulay ang nayon, digong dilaw, ang mabait na kalabaw, si dilat, si kindat, si kurap, si pikit, kain, kumain, kinain.